Al Pacino Movies - Statistics

General Stats
  • This quiz has been taken 202 times
    198 since last reset
  • The average score is 17 of 48
Answer Stats
Year Movie % Correct
1972 The Godfather
98%
1974 The Godfather Part II
94%
1995 Heat
90%
1983 Scarface
89%
1992 Scent of a Woman
87%
1990 The Godfather Part III
84%
1973 Serpico
77%
1975 Dog Day Afternoon
72%
1997 The Devil's Advocate
60%
1993 Carlito's Way
59%
2002 Insomnia
48%
1997 Donnie Brasco
46%
1990 Dick Tracy
44%
1989 Sea of Love
44%
1979 ...And Justice for All
43%
1999 Any Given Sunday
43%
2008 Righteous Kill
41%
2003 The Recruit
38%
1971 The Panic in Needle Park
36%
1999 The Insider
35%
1991 Frankie and Johnny
34%
2011 Jack and Jill
34%
1992 Glengarry Glen Ross
32%
2007 88 Minutes
30%
1973 Scarecrow
28%
1980 Cruising
27%
2004 The Merchant of Venice
26%
1996 City Hall
25%
1996 Looking for Richard
25%
2007 Ocean's Thirteen
25%
2002 S1m0ne
25%
1982 Author! Author!
23%
1985 Revolution
23%
1977 Bobby Deerfield
19%
2003 Gigli
19%
2015 The Irishman
18%
2005 Two for the Money
17%
1969 Me, Natalie
15%
2002 People I Know
13%
2012 Stand Up Guys
12%
1995 Two Bits
11%
2014 Manglehorn
9%
2011 The Son of No One
9%
2000 Chinese Coffee
6%
1990 The Local Stigmatic
6%
2015 The Humbling
4%
2013 Salomé
2%
2014 Imagine
1%
No matching quizzes found
Score Distribution
Percent of People with Each Score
Percentile by Number Answered
Your Score History
You have not taken this quiz since the last reset